[Event "Liga Madrileña - DH 2018-2019"]
[Site "Madrid ESP"]
[Date "2019.02.17"]
[Round "10.3"]
[White "Garcia Dorado, Alberto"]
[Black "Suarez Uriel, Adrian"]
[Result "0-1"]
[WhiteElo "2223"]
[BlackElo "2403"]
[PlyCount "79"]
[EventDate "2018.11.18"]
[EventType "team-tourn"]
[EventRounds "14"]
[EventCountry "ESP"]
[SourceTitle "Ajedrez en Madrid"]
[Source "lmi"]
[SourceDate "2018.11.18"]
[SourceVersion "1"]
[SourceVersionDate "2019.04.02"]
[SourceQuality "1"]
[WhiteTeam "Alcorcon"]
[BlackTeam "Collado Villalba"]
[WhiteTeamCountry "ESP"]
[BlackTeamCountry "ESP"]

1. d4 Nf6 2. Nf3 g6 3. c4 Bg7 4. Nc3 d5 5. h4 c6 6. cxd5 cxd5 7. Bf4 Nc6 8. e3
O-O 9. Qb3 Qa5 10. Qb5 Bf5 11. Qxa5 Nxa5 12. Kd2 Rac8 13. Be2 Nc4+ 14. Bxc4
dxc4 15. a4 Ne4+ 16. Ke2 Nxc3+ 17. bxc3 Rfd8 18. Rhc1 Rd5 19. Ra2 Ra5 20. Rca1
a6 21. Ne1 f6 22. Nc2 e5 23. Bg3 Bf8 24. Kd2 Kf7 25. f3 Bxc2 26. Kxc2 exd4 27.
exd4 Re8 28. Rb2 Re2+ 29. Kb1 Rxb2+ 30. Kxb2 b5 31. axb5 Rxa1 32. Kxa1 axb5 33.
d5 Bg7 34. Bd6 f5 35. Kb2 Ke8 36. Kc2 Kd7 37. Bb8 h5 38. f4 Bf6 39. g3 Be7 40.
Be5 0-1

[Event "Liga Madrileña - DH 2018-2019"]
[Site "Madrid ESP"]
[Date "2019.02.17"]
[Round "10.4"]
[White "Martin Duque, Jesus"]
[Black "Medina Riesgo, Pedro"]
[Result "1-0"]
[WhiteElo "2393"]
[BlackElo "2141"]
[PlyCount "128"]
[EventDate "2018.11.18"]
[EventType "team-tourn"]
[EventRounds "14"]
[EventCountry "ESP"]
[SourceTitle "Ajedrez en Madrid"]
[Source "lmi"]
[SourceDate "2018.11.18"]
[SourceVersion "1"]
[SourceVersionDate "2019.04.02"]
[SourceQuality "1"]
[WhiteTeam "Collado Villalba"]
[BlackTeam "Alcorcon"]
[WhiteTeamCountry "ESP"]
[BlackTeamCountry "ESP"]

1. e4 c5 2. Nf3 g6 3. d4 cxd4 4. Nxd4 Nf6 5. Nc3 Nc6 6. Nxc6 dxc6 7. Qxd8+ Kxd8
8. Bc4 Bg7 9. f3 Ke8 10. Be3 Nd7 11. O-O-O b5 12. Be2 Nb6 13. Bd4 Bxd4 14. Rxd4
Be6 15. b3 Rd8 16. Rhd1 Rxd4 17. Rxd4 f6 18. Nd1 Kf7 19. Rd2 a5 20. Nb2 Ra8 21.
Nd3 Nd7 22. Nf4 a4 23. b4 Nb6 24. Nxe6 Kxe6 25. c4 bxc4 26. Kc2 Ke5 27. Kc3 f5
28. exf5 gxf5 29. a3 Nd5+ 30. Kxc4 Rd8 31. Kc5 Rd6 32. Ba6 Nc7 33. Re2+ Kf6 34.
Bc4 h6 35. f4 Ne8 36. g3 e6 37. Kb6 Ke7 38. Ka5 Nc7 39. Kxa4 Rd4 40. Kb3 Rd1
41. Kc2 Ra1 42. Kb2 Rd1 43. Kc2 Ra1 44. Kb2 Rd1 45. Bb3 Rd4 46. Kc3 Nb5+ 47.
Kb2 Nc7 48. Rc2 Kd6 49. Bc4 Nd5 50. Ba6 Ne3 51. Re2 Nd5 52. Kc2 Nc7 53. Bc8 Ke7
54. Rd2 Nb5 55. Rxd4 Nxd4+ 56. Kd3 Nb5 57. a4 Na7 58. Ba6 c5 59. bxc5 e5 60.
fxe5 Ke6 61. Bb7 Kxe5 62. Kc4 h5 63. a5 h4 64. gxh4 f4 1-0

[Event "Liga Madrileña - DH 2018-2019"]
[Site "Madrid ESP"]
[Date "2019.02.17"]
[Round "10.5"]
[White "Ramos del Campo, Alexander"]
[Black "Quispe Arteaga, Gabriel"]
[Result "0-1"]
[WhiteElo "2104"]
[BlackElo "2373"]
[PlyCount "118"]
[EventDate "2018.11.18"]
[EventType "team-tourn"]
[EventRounds "14"]
[EventCountry "ESP"]
[SourceTitle "Ajedrez en Madrid"]
[Source "lmi"]
[SourceDate "2018.11.18"]
[SourceVersion "1"]
[SourceVersionDate "2019.04.02"]
[SourceQuality "1"]
[WhiteTeam "Alcorcon"]
[BlackTeam "Collado Villalba"]
[WhiteTeamCountry "ESP"]
[BlackTeamCountry "ESP"]

1. d4 Nf6 2. Bg5 d5 3. e3 Nbd7 4. Nf3 e6 5. Bd3 Bd6 6. Nbd2 O-O 7. c3 e5 8.
dxe5 Nxe5 9. Nxe5 Bxe5 10. Qc2 h6 11. Bh4 Re8 12. Nf3 Bd6 13. O-O-O Bg4 14. Bf5
Bxf3 15. gxf3 c6 16. Kb1 Qe7 17. Rhg1 Kh8 18. Rg2 g5 19. Bg3 Bxg3 20. hxg3 Kg7
21. Rh2 Rh8 22. Rdh1 Rad8 23. Qd1 Qe5 24. Bc2 Qe6 25. g4 c5 26. f4 Qd6 27. Qf3
Qe6 28. fxg5 hxg5 29. Rxh8 Rxh8 30. Rxh8 Kxh8 31. a3 Kg7 32. Bf5 Qe5 33. Qh1 b6
34. Ka1 d4 35. exd4 cxd4 36. cxd4 Qxd4 37. Qc1 Qf4 38. Qxf4 gxf4 39. Kb1 Kh6
40. Kc2 Kg5 41. f3 Kh4 42. Kd3 Kg3 43. g5 Ne8 44. g6 fxg6 45. Bxg6 Nf6 46. Ke2
Nd7 47. Be4 Nc5 48. Bc6 Kh4 49. b4 Ne6 50. Kd3 Kg3 51. Kc4 Ng5 52. Kb5 Nxf3 53.
Ka6 Nd4 54. Bd5 b5 55. Kxa7 Nc2 56. Kb6 Nxa3 57. Kc5 f3 58. Bxf3 Kxf3 59. Kd5
Ke2 0-1

[Event "Liga Madrileña - DH 2018-2019"]
[Site "Madrid ESP"]
[Date "2019.02.17"]
[Round "10.6"]
[White "Ortega Ruiz, Jose Miguel"]
[Black "Prada Lopez, Miguel Angel"]
[Result "1/2-1/2"]
[WhiteElo "2291"]
[BlackElo "2115"]
[PlyCount "224"]
[EventDate "2018.11.18"]
[EventType "team-tourn"]
[EventRounds "14"]
[EventCountry "ESP"]
[SourceTitle "Ajedrez en Madrid"]
[Source "lmi"]
[SourceDate "2018.11.18"]
[SourceVersion "1"]
[SourceVersionDate "2019.04.02"]
[SourceQuality "1"]
[WhiteTeam "Collado Villalba"]
[BlackTeam "Alcorcon"]
[WhiteTeamCountry "ESP"]
[BlackTeamCountry "ESP"]

1. d4 Nf6 2. c4 e6 3. Nf3 Bb4+ 4. Nbd2 a5 5. e3 b6 6. a3 Bxd2+ 7. Qxd2 O-O 8.
Be2 Bb7 9. b3 d6 10. Bb2 Nbd7 11. O-O Qe7 12. b4 axb4 13. axb4 Rxa1 14. Rxa1
Ra8 15. Rxa8+ Bxa8 16. Qc2 Bb7 17. Qa4 Qd8 18. Nd2 Qa8 19. Qxa8+ Bxa8 20. f3
Kf8 21. Kf2 Ke7 22. g4 g6 23. Kg3 e5 24. dxe5 dxe5 25. h4 Ne8 26. Ba3 f6 27.
Bd1 c5 28. Ba4 cxb4 29. Bxb4+ Kd8 30. f4 exf4+ 31. exf4 Bb7 32. h5 gxh5 33. g5
fxg5 34. fxg5 Ne5 35. Bc3 Ng6 36. Bd4 h4+ 37. Kh2 Nd6 38. Bxb6+ Kc8 39. Bc2 Ba6
40. c5 Nf7 41. Bf5+ Kb8 42. c6 Ne7 43. Bd7 Ne5 44. Ne4 N7xc6 45. Bf5 Nf3+ 46.
Kg2 Nce5 47. Be3 Bc8 48. Bxh7 h3+ 49. Kg3 h2 50. Nf2 Bb7 51. Bf4 Kc8 52. Bf5+
Kd8 53. g6 Ke7 54. g7 Kf7 55. Bh6 Bd5 56. Bh7 Kf6 57. g8=Q Bxg8 58. Bxg8 Ng5
59. Kxh2 Nef7 60. Bf8 Ne6 61. Ng4+ Kg6 62. Ne5+ Nxe5 63. Bxe6 Kf6 64. Ba2 Ng6
65. Ba3 Ke5 66. Kg3 Kf5 67. Bb1+ Kg5 68. Bc1+ Kf6 69. Kg4 Ne5+ 70. Kf4 Nc6 71.
Be4 Ne7 72. Bb2+ Ke6 73. Bg2 Ng6+ 74. Ke4 Ne7 75. Bh3+ Kf7 76. Ke5 Ng6+ 77. Kd6
Nf4 78. Bf5 Nh5 79. Ke5 Ng7 80. Be4 Ke7 81. Ba3+ Kf7 82. Bc1 Ke7 83. Bg5+ Kf7
84. Bh4 Ne8 85. Bf3 Ng7 86. Bf6 Kg6 87. Bg4 Kf7 88. Bd1 Kg6 89. Bc2+ Kf7 90.
Bg5 Nh5 91. Bf5 Ng7 92. Bc8 Kg6 93. Bd8 Kf7 94. Bd7 Kg6 95. Kf4 Nh5+ 96. Ke5
Ng7 97. Be7 Kf7 98. Bd6 Kg6 99. Ke4 Kf7 100. Kf4 Ne6+ 101. Kg4 Ng7 102. Kg5 Ne8
103. Ba3 Nf6 104. Ba4 Nh7+ 105. Kf5 Nf8 106. Bb5 Nh7 107. Bc4+ Ke8 108. Kg6
Nf8+ 109. Kf6 Nh7+ 110. Ke6 Nf8+ 111. Kd6 Ng6 112. Bb2 Nf8 1/2-1/2

[Event "Liga Madrileña - DH 2018-2019"]
[Site "Madrid ESP"]
[Date "2019.02.16"]
[Round "10.2"]
[White "Almagro Llamas, Pablo"]
[Black "Bolado Saez, Sergio"]
[Result "1/2-1/2"]
[WhiteElo "2452"]
[BlackElo "2360"]
[PlyCount "44"]
[EventDate "2018.11.18"]
[EventType "team-tourn"]
[EventRounds "14"]
[EventCountry "ESP"]
[SourceTitle "Ajedrez en Madrid"]
[Source "lmi"]
[SourceDate "2018.11.18"]
[SourceVersion "1"]
[SourceVersionDate "2019.04.02"]
[SourceQuality "1"]
[WhiteTeam "Virgen de Atocha"]
[BlackTeam "Blanco y Negro"]
[WhiteTeamCountry "ESP"]
[BlackTeamCountry "ESP"]

1. d4 Nf6 2. Nf3 e6 3. c4 d5 4. Nc3 c6 5. Bg5 Nbd7 6. e3 h6 7. Bh4 g5 8. Bg3
Nh5 9. Qc2 Nxg3 10. hxg3 Bg7 11. cxd5 exd5 12. Bd3 Qe7 13. O-O-O Nb6 14. Kb1
Be6 15. Bf5 O-O-O 16. g4 Kb8 17. Ne2 Rc8 18. Rc1 Nc4 19. Bxe6 Qxe6 20. Qf5 Qe7
21. Qd3 c5 22. Ng3 Qe6 1/2-1/2

[Event "Liga Madrileña - DH 2018-2019"]
[Site "Madrid ESP"]
[Date "2019.02.16"]
[Round "10.3"]
[White "Taboas Rodriguez, Daniel"]
[Black "Plazuelo Pascual, Juan"]
[Result "0-1"]
[WhiteElo "2354"]
[BlackElo "2422"]
[PlyCount "50"]
[EventDate "2018.11.18"]
[EventType "team-tourn"]
[EventRounds "14"]
[EventCountry "ESP"]
[SourceTitle "Ajedrez en Madrid"]
[Source "lmi"]
[SourceDate "2018.11.18"]
[SourceVersion "1"]
[SourceVersionDate "2019.04.02"]
[SourceQuality "1"]
[WhiteTeam "Blanco y Negro"]
[BlackTeam "Virgen de Atocha"]
[WhiteTeamCountry "ESP"]
[BlackTeamCountry "ESP"]

1. d4 Nf6 2. Nf3 b6 3. c4 Bb7 4. Nc3 e6 5. Bg5 Bb4 6. Nd2 h6 7. Bh4 e5 8. dxe5
Bxc3 9. bxc3 g5 10. Bg3 Nh5 11. e4 Nxg3 12. hxg3 Qe7 13. Nf3 Nc6 14. Qd5 O-O-O
15. c5 g4 16. Nd4 Nxe5 17. Nf5 Qxc5 18. Qxc5 bxc5 19. Rb1 Rde8 20. Rxh6 Rxh6
21. Nxh6 Re6 22. Ng8 Bxe4 23. Rb3 Bh7 24. Ne7+ Kd8 25. Nd5 Nf3+ 0-1

[Event "Liga Madrileña - DH 2018-2019"]
[Site "Madrid ESP"]
[Date "2019.02.16"]
[Round "10.4"]
[White "Cabrera Trujillo, Jorge Juan"]
[Black "Ballester Llagaria, Luis Eduardo"]
[Result "1/2-1/2"]
[WhiteElo "2322"]
[BlackElo "2300"]
[PlyCount "59"]
[EventDate "2018.11.18"]
[EventType "team-tourn"]
[EventRounds "14"]
[EventCountry "ESP"]
[SourceTitle "Ajedrez en Madrid"]
[Source "lmi"]
[SourceDate "2018.11.18"]
[SourceVersion "1"]
[SourceVersionDate "2019.04.02"]
[SourceQuality "1"]
[WhiteTeam "Virgen de Atocha"]
[BlackTeam "Blanco y Negro"]
[WhiteTeamCountry "ESP"]
[BlackTeamCountry "ESP"]

1. d4 d5 2. Nf3 Nf6 3. c4 dxc4 4. e3 e6 5. Bxc4 a6 6. O-O b5 7. Bb3 Bb7 8. Qe2
Nbd7 9. a4 b4 10. Nbd2 c5 11. Nc4 Be7 12. Rd1 Qc7 13. a5 O-O 14. Nfe5 Rac8 15.
Bd2 cxd4 16. exd4 Bd5 17. Rac1 Qb7 18. Bg5 Bxg2 19. Nxd7 Bf3 20. Qd3 Bxd1 21.
Bxf6 Bxb3 22. Bxe7 Qxd7 23. Bxf8 Bxc4 24. Rxc4 Kxf8 25. Qc2 Rxc4 26. Qxc4 Qd6
27. Qc8+ Ke7 28. Qb7+ Ke8 29. Qc8+ Ke7 30. Qb7+ 1/2-1/2

[Event "Liga Madrileña - DH 2018-2019"]
[Site "Madrid ESP"]
[Date "2019.02.16"]
[Round "10.5"]
[White "Alarcia Astiz, Carlos"]
[Black "Rabadan Velasco, Raul"]
[Result "1/2-1/2"]
[WhiteElo "2299"]
[BlackElo "2185"]
[PlyCount "89"]
[EventDate "2018.11.18"]
[EventType "team-tourn"]
[EventRounds "14"]
[EventCountry "ESP"]
[SourceTitle "Ajedrez en Madrid"]
[Source "lmi"]
[SourceDate "2018.11.18"]
[SourceVersion "1"]
[SourceVersionDate "2019.04.02"]
[SourceQuality "1"]
[WhiteTeam "Blanco y Negro"]
[BlackTeam "Virgen de Atocha"]
[WhiteTeamCountry "ESP"]
[BlackTeamCountry "ESP"]

1. e4 c5 2. Nf3 e6 3. d4 cxd4 4. Nxd4 a6 5. f4 Bc5 6. Nb3 Ba7 7. Nc3 Ne7 8. Bd3
d6 9. Qf3 Nbc6 10. Be3 Bxe3 11. Qxe3 Qc7 12. O-O-O Bd7 13. Kb1 O-O-O 14. Rd2
Kb8 15. Rhd1 f6 16. Be2 Bc8 17. a3 e5 18. g3 Be6 19. Nd5 Bxd5 20. exd5 Nf5 21.
Qf2 Ncd4 22. Nxd4 Nxd4 23. c3 Nb3 24. Rc2 a5 25. Bg4 a4 26. Rf1 Rhe8 27. Be6
Qc5 28. Qf3 Re7 29. Qe4 Qb5 30. Qe2 Qxe2 31. Rxe2 Nc5 32. f5 Kc7 33. h4 Ra8 34.
g4 h6 35. Rg1 Nd3 36. Rh2 Rh8 37. Kc2 Nc5 38. Rhg2 Kb6 39. Rd1 Kb5 40. Rh1 Kc4
41. Rgh2 Ne4 42. Re1 Nc5 43. Reh1 Ne4 44. Re1 Nc5 45. Reh1 1/2-1/2

[Event "Liga Madrileña - DH 2018-2019"]
[Site "Madrid ESP"]
[Date "2019.02.16"]
[Round "10.6"]
[White "Vazquez Torres, Adrian"]
[Black "Hidalgo Duque, Carlos"]
[Result "0-1"]
[WhiteElo "2154"]
[BlackElo "2221"]
[PlyCount "86"]
[EventDate "2018.11.18"]
[EventType "team-tourn"]
[EventRounds "14"]
[EventCountry "ESP"]
[SourceTitle "Ajedrez en Madrid"]
[Source "lmi"]
[SourceDate "2018.11.18"]
[SourceVersion "1"]
[SourceVersionDate "2019.04.02"]
[SourceQuality "1"]
[WhiteTeam "Virgen de Atocha"]
[BlackTeam "Blanco y Negro"]
[WhiteTeamCountry "ESP"]
[BlackTeamCountry "ESP"]

1. e4 c5 2. Nf3 d6 3. d4 cxd4 4. Nxd4 Nf6 5. Nc3 a6 6. h3 e6 7. g4 Be7 8. Be3
O-O 9. g5 Nfd7 10. h4 Nc6 11. Rg1 Nxd4 12. Qxd4 Ne5 13. Rg3 b5 14. f4 Nc6 15.
Qd2 b4 16. Na4 Rb8 17. Bg2 Na5 18. b3 Bd7 19. Nb2 Qc7 20. Nd3 Nc6 21. h5 Rfc8
22. Bh3 a5 23. Rg2 Na7 24. f5 Bf8 25. Nf4 Re8 26. fxe6 fxe6 27. h6 Nb5 28. Nh5
Re7 29. hxg7 Rxg7 30. Nf6+ Kh8 31. Nxd7 Qxd7 32. Bd4 Nxd4 33. Qxd4 Rb5 34.
O-O-O Qe7 35. Rf1 Re5 36. Kb1 Rf7 37. Rxf7 Qxf7 38. Rf2 Qe7 39. Bxe6 Bg7 40.
Bd5 Rxg5 41. Qd1 Qe5 42. Kc1 Rg1 43. Rf1 Rxf1 0-1

[Event "Liga Madrileña - DH 2018-2019"]
[Site "Madrid ESP"]
[Date "2019.02.17"]
[Round "10.1"]
[White "Fernandez Blazquez, Diego"]
[Black "Reyes Larena, Juan"]
[Result "1/2-1/2"]
[WhiteElo "2248"]
[BlackElo "2451"]
[PlyCount "94"]
[EventDate "2018.11.18"]
[EventType "team-tourn"]
[EventRounds "14"]
[EventCountry "ESP"]
[SourceTitle "Ajedrez en Madrid"]
[Source "lmi"]
[SourceDate "2018.11.18"]
[SourceVersion "1"]
[SourceVersionDate "2019.04.02"]
[SourceQuality "1"]
[WhiteTeam "San Fernando de Henares"]
[BlackTeam "San Sebastian de los Reyes"]
[WhiteTeamCountry "ESP"]
[BlackTeamCountry "ESP"]

1. d4 Nf6 2. Bg5 Ne4 3. Bf4 c5 4. f3 Qa5+ 5. c3 Nf6 6. Nd2 cxd4 7. Nb3 Qf5 8.
Bxb8 Rxb8 9. Qxd4 b6 10. e4 Qf4 11. Nh3 Qc7 12. e5 Ng8 13. O-O-O e6 14. Nf2 Ne7
15. f4 Bb7 16. Bb5 Nc6 17. Qe3 a6 18. Be2 d5 19. Qg3 h5 20. Rhe1 g6 21. Bd3 b5
22. Kb1 b4 23. c4 dxc4 24. Bxc4 Ne7 25. Ne4 Bxe4+ 26. Rxe4 Nf5 27. Qd3 Be7 28.
Bxa6 O-O 29. Ree1 Qa7 30. Bc4 Rfc8 31. Nd4 Rd8 32. Nc6 Rxd3 33. Nxa7 Rxd1+ 34.
Rxd1 Bc5 35. Nc6 Rc8 36. Bb5 Kg7 37. Rd7 Be3 38. a4 bxa3 39. bxa3 Bxf4 40. g3
Be3 41. Nd8 Nd4 42. a4 Rc1+ 43. Kb2 Rc2+ 44. Ka3 Bc1+ 45. Kb4 Bd2+ 46. Ka3 Rc3+
47. Kb2 Rc2+ 1/2-1/2

[Event "Liga Madrileña - DH 2018-2019"]
[Site "Madrid ESP"]
[Date "2019.02.17"]
[Round "10.2"]
[White "Ovejero, Juan Manuel"]
[Black "Jimenez Lopez, Antonio"]
[Result "1-0"]
[WhiteElo "2241"]
[BlackElo "2202"]
[PlyCount "69"]
[EventDate "2018.11.18"]
[EventType "team-tourn"]
[EventRounds "14"]
[EventCountry "ESP"]
[SourceTitle "Ajedrez en Madrid"]
[Source "lmi"]
[SourceDate "2018.11.18"]
[SourceVersion "1"]
[SourceVersionDate "2019.04.02"]
[SourceQuality "1"]
[WhiteTeam "San Sebastian de los Reyes"]
[BlackTeam "San Fernando de Henares"]
[WhiteTeamCountry "ESP"]
[BlackTeamCountry "ESP"]

1. e4 c5 2. d3 Nc6 3. g3 g6 4. Bg2 Bg7 5. f4 d6 6. Nf3 e5 7. O-O Nge7 8. c3 O-O
9. Na3 b6 10. f5 gxf5 11. Nh4 d5 12. exd5 Nxd5 13. Nxf5 Bxf5 14. Rxf5 Nde7 15.
Rf3 Qd7 16. Qf1 f5 17. Bg5 h6 18. Bxe7 Nxe7 19. Re1 b5 20. Qf2 Rac8 21. Bh3 a6
22. Nc2 Qd5 23. Ne3 Qxa2 24. Nxf5 Nxf5 25. Bxf5 Rcd8 26. Rf1 e4 27. Bxe4 b4 28.
Qxc5 Rxf3 29. Rxf3 Qxb2 30. Qf5 Bd4+ 31. cxd4 Qxd4+ 32. Kg2 Qb2+ 33. Rf2 Qg7
34. Qe6+ Kh8 35. Rf6 1-0

[Event "Liga Madrileña - DH 2018-2019"]
[Site "Madrid ESP"]
[Date "2019.02.17"]
[Round "10.3"]
[White "Garrido Olivares, Ricard"]
[Black "Quevedo Marin, Manuel"]
[Result "1/2-1/2"]
[WhiteElo "2165"]
[BlackElo "2188"]
[PlyCount "42"]
[EventDate "2018.11.18"]
[EventType "team-tourn"]
[EventRounds "14"]
[EventCountry "ESP"]
[SourceTitle "Ajedrez en Madrid"]
[Source "lmi"]
[SourceDate "2018.11.18"]
[SourceVersion "1"]
[SourceVersionDate "2019.04.02"]
[SourceQuality "1"]
[WhiteTeam "San Fernando de Henares"]
[BlackTeam "San Sebastian de los Reyes"]
[WhiteTeamCountry "ESP"]
[BlackTeamCountry "ESP"]

1. Nf3 Nf6 2. e3 g6 3. d4 Bg7 4. c4 O-O 5. Be2 b6 6. O-O Bb7 7. Nc3 d5 8. cxd5
Nxd5 9. Bd2 Nxc3 10. Bxc3 a5 11. Rc1 Na6 12. a3 c5 13. dxc5 Bxc3 14. Rxc3 Nxc5
15. b4 axb4 16. axb4 Na6 17. Qb1 Qd6 18. Rd1 Qf6 19. Rcc1 Rfd8 20. h3 Rxd1+ 21.
Rxd1 Nc7 1/2-1/2

[Event "Liga Madrileña - DH 2018-2019"]
[Site "Madrid ESP"]
[Date "2019.02.17"]
[Round "10.4"]
[White "Reyes Peñas, Sebastian"]
[Black "Bustos Bernardo, Samuel"]
[Result "1/2-1/2"]
[WhiteElo "2180"]
[BlackElo "2148"]
[PlyCount "120"]
[EventDate "2018.11.18"]
[EventType "team-tourn"]
[EventRounds "14"]
[EventCountry "ESP"]
[SourceTitle "Ajedrez en Madrid"]
[Source "lmi"]
[SourceDate "2018.11.18"]
[SourceVersion "1"]
[SourceVersionDate "2019.04.02"]
[SourceQuality "1"]
[WhiteTeam "San Sebastian de los Reyes"]
[BlackTeam "San Fernando de Henares"]
[WhiteTeamCountry "ESP"]
[BlackTeamCountry "ESP"]

1. e4 c5 2. Nf3 d6 3. d4 cxd4 4. Nxd4 Nf6 5. Nc3 a6 6. g3 e5 7. Nde2 b5 8. Bg2
Bb7 9. O-O Be7 10. h3 Nbd7 11. g4 b4 12. Nd5 Nxd5 13. exd5 O-O 14. Ng3 Re8 15.
Be3 a5 16. a3 Ba6 17. Re1 Qb8 18. axb4 axb4 19. Qd2 Qb5 20. Red1 Rec8 21. b3
Nc5 22. Bxc5 Qxc5 23. Ra2 Bb7 24. Rda1 Rxa2 25. Rxa2 Ra8 26. Rxa8+ Bxa8 27. Qd3
g6 28. Qc4 Qa5 29. Ne2 Bb7 30. Qd3 Qa1+ 31. Kh2 Ba6 32. Qd2 Bd8 33. Nc1 Bb6 34.
Qxb4 Bxf2 35. Qd2 Bd4 36. c4 Qb1 37. Ne2 Qxb3 38. Nxd4 exd4 39. Qxd4 Bxc4 40.
Qf6 Bxd5 41. Qd8+ Kg7 42. g5 Qb2 43. Qf6+ Qxf6 44. gxf6+ Kxf6 45. Bxd5 Ke7 46.
Kg3 f5 47. h4 Kf6 48. Kf4 h6 49. Bb3 g5+ 50. Kf3 Ke5 51. hxg5 hxg5 52. Bc2 d5
53. Bb1 f4 54. Bd3 g4+ 55. Kxg4 Kd4 56. Be2 Ke3 57. Bf3 d4 58. Bd1 d3 59. Bf3
d2 60. Bd1 Kf2 1/2-1/2

[Event "Liga Madrileña - DH 2018-2019"]
[Site "Madrid ESP"]
[Date "2019.02.17"]
[Round "10.5"]
[White "De la Orden Alcocer, Alejandro"]
[Black "Alfaya Marcelo, Roberto"]
[Result "0-1"]
[WhiteElo "1962"]
[BlackElo "2145"]
[PlyCount "74"]
[EventDate "2018.11.18"]
[EventType "team-tourn"]
[EventRounds "14"]
[EventCountry "ESP"]
[SourceTitle "Ajedrez en Madrid"]
[Source "lmi"]
[SourceDate "2018.11.18"]
[SourceVersion "1"]
[SourceVersionDate "2019.04.02"]
[SourceQuality "1"]
[WhiteTeam "San Fernando de Henares"]
[BlackTeam "San Sebastian de los Reyes"]
[WhiteTeamCountry "ESP"]
[BlackTeamCountry "ESP"]

1. Nf3 Nf6 2. c4 b6 3. g3 Bb7 4. Bg2 c5 5. Nc3 g6 6. O-O Bg7 7. d4 cxd4 8. Qxd4
d6 9. Nd5 O-O 10. Qh4 Nbd7 11. Ng5 Rb8 12. Rd1 b5 13. Be3 bxc4 14. Bxa7 h6 15.
Nxf6+ Nxf6 16. Ne4 Bxe4 17. Bxb8 Qxb8 18. Bxe4 g5 19. Bh7+ Nxh7 20. Qxc4 Rc8
21. Qa6 Nf8 22. Rac1 Rxc1 23. Rxc1 Qxb2 24. Rc8 Qb1+ 25. Kg2 Qe4+ 26. Kg1 Qb1+
27. Kg2 Qe4+ 28. Kg1 h5 29. a4 h4 30. gxh4 Qg4+ 31. Kf1 gxh4 32. Qc4 Qh3+ 33.
Ke1 Qxh2 34. Qg4 Qh1+ 35. Kd2 Qb7 36. Re8 Qb2+ 37. Kd3 Qc3+ 0-1

[Event "Liga Madrileña - DH 2018-2019"]
[Site "Madrid ESP"]
[Date "2019.02.17"]
[Round "10.6"]
[White "Anton Quevedo, Andrea"]
[Black "Lucas Quintans, Carlos"]
[Result "1-0"]
[WhiteElo "1869"]
[BlackElo "1927"]
[PlyCount "127"]
[EventDate "2018.11.18"]
[EventType "team-tourn"]
[EventRounds "14"]
[EventCountry "ESP"]
[SourceTitle "Ajedrez en Madrid"]
[Source "lmi"]
[SourceDate "2018.11.18"]
[SourceVersion "1"]
[SourceVersionDate "2019.04.02"]
[SourceQuality "1"]
[WhiteTeam "San Sebastian de los Reyes"]
[BlackTeam "San Fernando de Henares"]
[WhiteTeamCountry "ESP"]
[BlackTeamCountry "ESP"]

1. e4 d6 2. Nf3 g6 3. d4 Bg7 4. Nc3 Nf6 5. Bc4 c6 6. Bb3 b5 7. a3 a6 8. O-O e6
9. Bg5 h6 10. Bh4 g5 11. Bg3 d5 12. Re1 Nxe4 13. Nxe4 dxe4 14. Ne5 O-O 15. h3
f5 16. Bh2 Qe8 17. f3 exf3 18. Qxf3 a5 19. c3 h5 20. Re2 g4 21. Qe3 Kh7 22. Nd3
Rf6 23. Be5 Rh6 24. Bxg7 Kxg7 25. h4 Qe7 26. g3 Na6 27. Nf4 Bd7 28. Qe5+ Qf6
29. Qxf6+ Kxf6 30. Nxe6 Re8 31. Rae1 Rhh8 32. Kf2 Re7 33. Nf4 Rxe2+ 34. Rxe2
Nc7 35. Re5 Rh7 36. a4 Rh8 37. axb5 Nxb5 38. Re1 Nd6 39. Ra1 Rb8 40. Bd1 Rxb2+
41. Ne2 Ne4+ 42. Ke3 Rb5 43. c4 Rb2 44. Rxa5 Rb4 45. Bc2 Nd6 46. Ra7 Nxc4+ 47.
Kd3 Be6 48. Nf4 Bf7 49. Rc7 Na5 50. Ra7 Nb7 51. Ba4 c5 52. d5 Rd4+ 53. Kc3 Nd6
54. Ra6 Ke5 55. Nd3+ Kxd5 56. Bc6+ Ke6 57. Nxc5+ Ke5 58. Nd7+ Ke6 59. Kxd4 f4
60. gxf4 Nf5+ 61. Kd3 Nxh4 62. Ne5 Bg6+ 63. Nxg6 Nxg6 64. Be4+ 1-0

[Event "Liga Madrileña - DH 2018-2019"]
[Site "Madrid ESP"]
[Date "2019.02.24"]
[Round "11.1"]
[White "Aranda Marin, Cristian"]
[Black "Sanchez Gonzalez, Sergio"]
[Result "1/2-1/2"]
[WhiteElo "2347"]
[BlackElo "2288"]
[PlyCount "149"]
[EventDate "2018.11.18"]
[EventType "team-tourn"]
[EventRounds "14"]
[EventCountry "ESP"]
[SourceTitle "Ajedrez en Madrid"]
[Source "lmi"]
[SourceDate "2018.11.18"]
[SourceVersion "1"]
[SourceVersionDate "2019.04.02"]
[SourceQuality "1"]
[WhiteTeam "San Fernando de Henares"]
[BlackTeam "Liberty Chess"]
[WhiteTeamCountry "ESP"]
[BlackTeamCountry "ESP"]

1. d4 Nf6 2. Bf4 c6 3. c3 d6 4. Nd2 g6 5. h3 Bg7 6. Ngf3 O-O 7. e3 Nfd7 8. Bh2
a5 9. a4 Re8 10. Be2 d5 11. O-O Nf8 12. e4 h6 13. Re1 Be6 14. Bd3 Qb6 15. exd5
cxd5 16. Qb3 Qxb3 17. Nxb3 b6 18. Ne5 Bxe5 19. Bxe5 Nbd7 20. Bh2 Rec8 21. g4
Nf6 22. Nd2 h5 23. f3 hxg4 24. hxg4 N6d7 25. Kf2 f5 26. gxf5 gxf5 27. Rg1+ Kf7
28. Rg5 Nh7 29. Rgg1 Nhf6 30. Rg2 Rh8 31. Rag1 Rh3 32. Nf1 Rah8 33. Bc7 Rc8 34.
Bg3 Nh5 35. Bh2 Ndf6 36. Be5 Rf8 37. Ne3 Ke8 38. Ke2 f4 39. Nf1 Nd7 40. Bc7 Bf5
41. Bb5 Kf7 42. Rg5 Be6 43. Bd3 Ke8 44. Bg6+ Bf7 45. Bxf7+ Rxf7 46. Rxd5 Rf6
47. Rg8+ Kf7 48. Rgg5 Re6+ 49. Kf2 Nhf6 50. Rdf5 Rc6 51. Bxf4 e6 52. Rb5 Nd5
53. Bg3 Rc4 54. Ne3 Nxe3 55. Kxe3 Rxa4 56. d5 Ra1 57. dxe6+ Kxe6 58. Rg6+ Kf7
59. Rg4 Rd1 60. Bc7 Nf6 61. Rf4 Ke7 62. Re5+ Kd7 63. Rxf6 Kxc7 64. Re7+ Kd8 65.
Rg7 Re1+ 66. Kf2 Rhh1 67. Rf8+ Re8 68. Rxe8+ Kxe8 69. Rb7 Rh2+ 70. Ke3 Rxb2 71.
Kd4 b5 72. f4 b4 73. cxb4 Rxb4+ 74. Rxb4 axb4 75. Kc4 1/2-1/2